World War One Cemeteries in the Łódź region

Titel: World War One Cemeteries in the Łódź region / Blanka Gosik
Verfasser:
In: Transforming urban sacred places in Poland and Germany, (2016), Seite 109-119
alle Artikel anzeigen
Veröffentlicht: [2016]
Umfang: Tabellen
Format: Aufsatz
Sprache: Englisch
Schlagworte:
Kein Bild verfügbar
X
alg: 42511921
001A    $03025:22-01-18 
001B    $01999:22-01-18 $t22:49:38.000 
001C    $03025:22-01-18 $t15:49:55.000 
001D    $03025:22-01-18 
001U    $0utf8 
001X    $00 
002@    $0Aou 
002C    $aText $btxt $2rdacontent 
002D    $aohne Hilfsmittel zu benutzen $bn $2rdamedia 
002E    $aBand $bnc $2rdacarrier 
003@    $0425119211 
007A    $0425119211 $aHEB 
010@    $aeng 
010E    $erda 
011@    $a2016 $n[2016] 
021A    $aWorld War One Cemeteries in the Łódź region $hBlanka Gosik 
028A    $BVerfasser $4aut $7 $8Gosik, Blanka [Tnu] $9425119092 
031A    $h109-119 $j2016 
034M    $aTabellen 
039B    $aEnthalten in $8--Aau--. Transforming urban sacred places in Poland and Germany. - 1. edition. - Baden-Baden : Nomos, 2016. - 224 Seiten. - Illustrationen. - ISBN 978-3-8487-3539-6 $x201600000000000891 $9398821615 
044K    $#Lodz $#Lodz $#Litzmannstadt $#Lodsch $74074299-4 $8Łódź [Tg1] $9085209155 
044K    $RWeltgeschichte $RWeltkrieg $#World War, 1914-1918 $#Guerre mondiale (1914-1918) $#Erster Weltkrieg $#1. Weltkrieg $74079163-4 $8Weltkrieg$g1914-1918 [Ts1] $9085224588 
044K    $RGräberfeld $RGrabmal $RGrab $#Cemeteries $#Cimetières $#Cimiteri $#Necrópolis $#Friedhof $#Gottesacker $#Kirchhof $#Friedhöfe $74018537-0 $8Friedhof [Ts1] $9085043907 
044K    $RBestattung $RFriedhof $RGräberfeld $#Tombs $#Tombes $#Sepulcros $#Begräbnisstätte $#Begräbnisplatz $#Grabstätte $#Grablege Grab $#Gräber $74021716-4 $8Grab [Ts1] $9085053074 
044K    $RGrab $RSoldatenfriedhof $#Kriegergrab $#Soldat Grab $#Soldatengrab $74165695-7 $8Kriegsgrab [Ts1] $9085742961 
044K    $RMilitär $RKrieger $RSoldatin $#Soldiers $#Soldats $#Soldati $#Soldaten $#Soldat $#Legionär $#Soldaten $74055409-0 $8Soldat [Ts1] $9085154180 

lok: 42511921 78

exp: 42511921 78 1 #EPN
201B/01 $022-01-18 $t15:44:30.000 
201C/01 $022-01-18 
201U/01 $0utf8 
203@/01 $01015697992 
208@/01 $a22-01-18 $be 
209A/01 $a/ $f000 $x00 
209A/01 $ab*p $x01 
220C/01 $awma 
244Z/01 $#Generalgouvernement Polen $#Polska $#Rzeczpospolita Polska $#Polska Rzeczpospolita Ludowa $#Poland $#Pologne $#République Polonaise $#Generalne Gubernatorstwo w Polsce $#Polish People's Republic $#Polska Rzeczpospolita Polen $#PRL $#RP $#Polen Generalgouvernement $#Polska Generalgouvernement $#Besetzte Polnische Gebiete $#Besetztes Gebiet in Polen $#Okupowane Polskie Obszary $#Obszary Okupowane w Polsce $#Volksrepublik Polen $#Polska Rosyjska $#Republic Polen $#Respublika Pol'ša $#Pol'skaja Narodnaja Respublika $#République de Pologne $#Polen Links der Weichsel $#Polska po Lewej Stronie Wisły $#Lenkija $#Polija $#Gubernija Carstva Pol'skago $#Republik Polen $74046496-9 $8--Tg1--Polen $x01 $9085129801 
247C/01 $82080>Marburg/Lahn, Herder-Institut, Forschungsbibliothek, Bibliographieportal $9336309341
LEADER 00000caa a2200000 c 4500
001 425119211
003 DE-603
005 20180122224938.0
007 tu
008 180122s2016 xx |||| | u00||u|eng c
035 |a (DE-599)HEB425119211 
040 |a DE-603  |b ger  |c DE-603  |d DE-603  |e rda 
041 |a eng 
100 1 |a Gosik, Blanka  |e Verfasser  |4 aut  |0 (DE-603)425119092 
245 0 0 |a World War One Cemeteries in the Łódź region  |c Blanka Gosik 
264 0 |c [2016] 
300 |b Tabellen 
336 |a Text  |b txt  |2 rdacontent 
337 |a ohne Hilfsmittel zu benutzen  |b n  |2 rdamedia 
338 |a Band  |b nc  |2 rdacarrier 
650 7 |a Weltkrieg  |g 1914-1918  |0 (DE-588)4079163-4  |0 (DE-603)085224588  |2 gnd 
650 7 |a Friedhof  |0 (DE-588)4018537-0  |0 (DE-603)085043907  |2 gnd 
650 7 |a Grab  |0 (DE-588)4021716-4  |0 (DE-603)085053074  |2 gnd 
650 7 |a Kriegsgrab  |0 (DE-588)4165695-7  |0 (DE-603)085742961  |2 gnd 
650 7 |a Soldat  |0 (DE-588)4055409-0  |0 (DE-603)085154180  |2 gnd 
651 7 |a Łódź  |0 (DE-588)4074299-4  |0 (DE-603)085209155  |2 gnd 
773 0 8 |i Enthalten in  |t Transforming urban sacred places in Poland and Germany  |b 1. edition  |d Baden-Baden : Nomos, 2016  |h 224 Seiten, Illustrationen  |z 9783848735396  |z 3848735393  |g (2016), Seite 109-119  |w (DE-603)398821615 
924 0 |9 2080  |a (DE-603)1015697992  |b DE-2080  |c HES  |d d  |g /